| 000 | 00472nam a2200181Ia 4500 | ||
|---|---|---|---|
| 008 | 240925s9999 xx 000 0 und d | ||
| 020 | _a9781843118800 | ||
| 082 | _a387 GRA | ||
| 100 | _aNot - Available | ||
| 245 | 4 | _aThe handbook of maritime economics and business | |
| 250 | _a2nd | ||
| 260 |
_aLondon: _bLioyad List _c,2010. |
||
| 300 |
_a256p. _b0 _fOriginal |
||
| 500 | _aIncludes Index | ||
| 600 | _aSocial Sciences | ||
| 650 | _aSocial Sciences | ||
| 942 | _cBK | ||
| 999 |
_c17604 _d17604 |
||